000 00871nam a22003017a 4500
003 CHAP
005 20220329140754.0
008 971013s1959 r 00010 d
010 _a57346
011 _a58318
035 _a62473
040 _cCHAP
090 _aFolleto 14562
110 _aENA
_936669
245 _aGeneración 53-59
_b: Dedicatoria
260 _aChapingo, Méx. :
_bENA,
_c(1959)
300 _ac.a 43 p.
_b: ilus.
590 _aBATCH-UPD
_b10
_c20130110
_lUCH01
_h1101
590 _aBATCH-UPD
_b10
_c20130410
_lUCH01
_h0654
590 _aBATCH-UPD
_b10
_c20130914
_lUCH01
_h0227
590 _aCONVERSION
_b10
_c20130109
_lUCH01
_h1331
650 1 4 _aAgrónomos mexicanos.
_92208
650 1 4 _aENA
_xEstudiantes.
_936671
650 1 4 _aENA
_xHistoria.
_936672
901 _aBK
942 _cFOLL
949 _aFolleto 14562
_bBC
_cUACH
_d-133896
_eUACH
_i62473
_si
999 _c57346
_d57346